000 00918cab a2200277 4500
001 ABS55912
008 090401t1996 xxu||||| |||| 00| 0 eng d
035 _a(Sirsi) u19742
041 _aeng
100 _aBrewer, G.
245 _aSeen but not heard?
260 _c1996
350 _a0
490 _aContract Journal
_v385(6095) 3 October 1996, 19(1)
520 _aDiscusses the difficulties of adhering to JCT arbitration rules with reference to "Lovell v AW Construction".
650 _aDOCUMENTS ONLY ARBITRATIONS
650 _aINTERIM AWARDS
650 _aJCT ARBITRATION RULES
650 _aLOVELL V AW CONSTRUCTION
650 _aMISCONDUCT
650 _aPROCEDURE WITHOUT HEARING
690 _aMANAGEMENT-DISPUTE AVOIDANCE, MANAGEMENT AND RESOLUTION-DISPUTE MANAGEMENT AND RESOLUTION-ARBITRATION
690 _aBUILT ENVIRONMENT-BUILDING CONTRACT FORMS
942 _n0
948 _c04/03/1997
999 _c13212
_d13212